[Event "Rottach Egern Seniors Cup 11th"]
[Site "Rottach Egern"]
[Date "2023.04.15"]
[Round "1"]
[White "Christen, Pierre"]
[Black "Nathrath, Leni"]
[Result "1-0"]
[WhiteElo "1884"]
[BlackElo "1231"]
[PlyCount "47"]
[EventDate "2023.04.15"]
[EventType "swiss"]
[EventRounds "9"]
[EventCountry "GER"]
[SourceTitle "EXT 2024"]
[Source "ChessBase"]
[SourceDate "2023.10.10"]
[SourceVersion "1"]
[SourceVersionDate "2023.10.10"]
[SourceQuality "1"]

1. c4 e5 2. g3 Nf6 3. Bg2 Nc6 4. Nc3 Bb4 5. Nd5 Nxd5 6. cxd5 Ne7 7. Nf3 d6 8. Qa4+ Bd7 9. Qxb4 0-0 10. e4 c5 11. dxc6 Bxc6 12. 0-0 h6 13. d3 Qd7 14. Be3 a5 15. Qd2 Bb5 16. Rfc1 Ng6 17. Rc3 Qe6 18. d4 Rad8 19. d5 Qd7 20. Rac1 a4 21. Rc7 Qe8 22. Bh3 Bd7 23. Bxd7 Rxd7 24. Qb4 1-0

[Event "Nuremberg Zabo op 07th"]
[Site "Nuremberg"]
[Date "2005.09.25"]
[Round "5"]
[White "Nathrath, Leni"]
[Black "Cipra, Christiane"]
[Result "0-1"]
[WhiteElo "1308"]
[BlackElo "1399"]
[PlyCount "98"]
[EventDate "2005.09.23"]
[EventType "swiss"]
[EventRounds "5"]
[EventCountry "GER"]
[SourceTitle "EXT 2012"]
[Source "ChessBase"]
[SourceDate "2011.11.24"]
[SourceVersion "1"]
[SourceVersionDate "2011.11.24"]
[SourceQuality "1"]

1. e4 c5 2. Nf3 e6 3. Nc3 d5 4. exd5 exd5 5. Bd3 Nf6 6. 0-0 Bd6 7. Bb5+ Bd7 8. Re1+ Be7 9. Bxd7+ Qxd7 10. Re5 Nc6 11. Re2 0-0 12. d4 Rfe8 13. dxc5 Bxc5 14. h3 d4 15. Rxe8+ Rxe8 16. Nb5 a6 17. Na3 h6 18. Qd3 b5 19. c4 bxc4 20. Nxc4 Nb4 21. Qd1 Qf5 22. Bd2 d3 23. Bxb4 Bxb4 24. a3 Bf8 25. Ra2 Qd5 26. b3 Ne4 27. Ne3 Qd7 28. b4 Nc3 29. Qb3 Nxa2 30. Qxa2 Bd6 31. Qd5 Rc8 32. Qxd3 Rc1+ 33. Nd1 Qe6 34. Qd2 Ra1 35. Kf1 Rxa3 36. Qe2 Qxe2+ 37. Kxe2 Bxb4 38. Ne3 a5 39. h4 Rb3 40. Nd5 a4 41. Nxb4 Rxb4 42. Kd2 a3 43. Ne1 Rb2+ 44. Nc2 a2 45. Kc1 Rxc2+ 46. Kxc2 a1Q 47. Kd3 Kf8 48. g3 Ke7 49. f4 Ke6 0-1

[Event "Nuremberg Zabo op 07th"]
[Site "Nuremberg"]
[Date "2005.09.24"]
[Round "3"]
[White "Nathrath, Leni"]
[Black "Kirsch, Heinrich"]
[Result "0-1"]
[WhiteElo "1308"]
[BlackElo "1670"]
[PlyCount "52"]
[EventDate "2005.09.23"]
[EventType "swiss"]
[EventRounds "5"]
[EventCountry "GER"]
[SourceTitle "EXT 2012"]
[Source "ChessBase"]
[SourceDate "2011.11.24"]
[SourceVersion "1"]
[SourceVersionDate "2011.11.24"]
[SourceQuality "1"]

1. e4 e5 2. Nf3 Nc6 3. Bc4 Nd4 4. c3 Nxf3+ 5. Qxf3 Nf6 6. d4 d6 7. dxe5 dxe5 8. 0-0 h6 9. Nd2 Bc5 10. h3 Qe7 11. Nb3 Bd6 12. Bd2 Bd7 13. Rae1 b6 14. Bd5 Nxd5 15. exd5 Bb5 16. Nd4 Bxf1 17. Nf5 Qf6 18. Bxh6 Rxh6 19. Nxh6 Qxf3 20. gxf3 Bc4 21. Ng4 Bxd5 22. Nxe5 0-0-0 23. f4 Re8 24. Re3 Bxa2 25. Nc6 Rxe3 26. fxe3 a5 0-1

[Event "Nuremberg Zabo op 07th"]
[Site "Nuremberg"]
[Date "2005.09.23"]
[Round "1"]
[White "Lenz, Harald"]
[Black "Nathrath, Leni"]
[Result "1-0"]
[WhiteElo "1777"]
[BlackElo "1308"]
[PlyCount "67"]
[EventDate "2005.09.23"]
[EventType "swiss"]
[EventRounds "5"]
[EventCountry "GER"]
[SourceTitle "EXT 2012"]
[Source "ChessBase"]
[SourceDate "2011.11.24"]
[SourceVersion "1"]
[SourceVersionDate "2011.11.24"]
[SourceQuality "1"]

1. d4 d5 2. c4 e6 3. e3 Nf6 4. Nc3 Bb4 5. Bd2 Bxc3 6. Bxc3 0-0 7. Nf3 Nc6 8. Bd3 Ne4 9. Bxe4 dxe4 10. Ne5 Nxe5 11. dxe5 Qxd1+ 12. Rxd1 b6 13. 0-0 Bb7 14. Rd7 Rac8 15. Rfd1 Bc6 16. R7d2 a5 17. g3 h6 18. Bd4 Ba4 19. b3 Bc6 20. c5 b5 21. Re1 Ra8 22. Rc2 Kh7 23. Kg2 h5 24. h4 g6 25. Kh3 Ra6 26. g4 Bd7 27. gxh5 gxh5 28. Rg1 f5 29. Rg5 Kh6 30. Rc1 f4 31. Rcg1 Be8 32. Rg7 c6 33. exf4 Rxf4 34. Be3 1-0